Kỹ thuật nuôi tôm sú
Gardado en:
| Autor Principal: | |
|---|---|
| Formato: | Libro |
| Idioma: | Undetermined |
| Publicado: |
Hà Nội
Nông Nghiệp
1998
|
| Những chủ đề: | |
| Các nhãn: |
Engadir etiqueta
Sen Etiquetas, Sexa o primeiro en etiquetar este rexistro!
|
| Thư viện lưu trữ: | Trung tâm Học liệu Trường Đại học Cần Thơ |
|---|
| LEADER | 00527nam a2200193Ia 4500 | ||
|---|---|---|---|
| 001 | CTU_35328 | ||
| 008 | 210402s9999 xx 000 0 und d | ||
| 020 | |b 4.000đ | ||
| 082 | |a 639.6 | ||
| 082 | |b T312/1998 | ||
| 100 | |a Phạm Văn Tình | ||
| 245 | 0 | |a Kỹ thuật nuôi tôm sú | |
| 245 | 0 | |c Phạm Văn Tình | |
| 260 | |a Hà Nội | ||
| 260 | |b Nông Nghiệp | ||
| 260 | |c 1998 | ||
| 650 | |a fish-culture,shrimps | ||
| 904 | |i Minh, 000224 | ||
| 980 | |a Trung tâm Học liệu Trường Đại học Cần Thơ | ||